000 00644nam a22002177a 4500
005 20160125102133.0
008 100902s2011 nyua 001 0 eng
020 _a9780071744317 (pbk.)
020 _a0071744312 (pbk.)
041 0 _aeng
080 _a004
100 1 _aMalcher, Michelle.
245 1 0 _aOracle database administration for Microsoft SQL server DBAs /
_cMichelle Malcher.
260 _aNew York :
_bOracle Press/McGraw-Hill,
_c2011.
300 _a334 f. :
_bme il.;
_c23 cm.
505 _aIndex: f. 315 - 334
650 0 _aKompjuterat
650 0 _aGjuha e programimit
650 0 _aBaza e të të dhënave
942 _2udc
_cBK
999 _c684
_d684